|
|
|
|
| LEADER |
00956nam a2200241 a 4500 |
| 001 |
2977209 |
| 008 |
090716s1993 nyu b 001 0 eng d |
| 010 |
|
|
|a 92018687
|
| 020 |
|
|
|a 0333549031
|
| 020 |
|
|
|a 033354904X
|
| 040 |
|
|
|a DLC
|c DLC
|d DLC
|
| 082 |
0 |
0 |
|a 821/.7
|2 20
|
| 245 |
0 |
0 |
|a Wordsworth /
|c edited by John Williams.
|
| 260 |
|
|
|a New York;
|a London :
|b St. Martin's Press;
|b Macmillan,
|c 1993.
|
| 300 |
|
|
|a ix, 216 p. ;
|c 21 cm.
|
| 490 |
1 |
|
|a New casebooks
|
| 504 |
|
|
|a Includes bibliographical references (p. 208-211) and index.
|
| 541 |
1 |
|
|e 00009348
|
| 600 |
1 |
0 |
|a Wordsworth, William,
|d 1770-1850
|x Criticism and interpretation.
|
| 700 |
1 |
|
|a Williams, John,
|d 1946-
|
| 852 |
4 |
|
|a Ayesha Abed Library
|j General Shelf.
|
| 999 |
|
|
|c 2597
|d 2597
|
| 952 |
|
|
|0 0
|1 0
|2 ddc
|4 1
|6 821_000000000000000__7_WOR
|7 0
|9 2366
|a BRACUL
|b BRACUL
|c SPS
|d 2009-07-21
|g 0.00
|l 2
|m 15
|o 821.7 WOR
|p 3010009348
|r 2017-12-17
|s 2017-09-18
|t 1
|w 2009-07-21
|y BK
|x No price found in the accession register.
|